书目信息 |
| 题名: |
水泥工业余热发电及其工程
|
|
| 作者: | 王建芳 , 胡于圭 主编 | |
| 分册: | ||
| 出版信息: | 武汉 中国建材工业出版社 2011 |
|
| 页数: | 289页 | |
| 开本: | 20cm | |
| 丛书名: | ||
| 单 册: | ||
| 中图分类: | TM617 | |
| 科图分类: | ||
| 主题词: | 发电--各种 | |
| 电子资源: | ||
| ISBN: | 7-5160-0026-4 | |
| 000 | 00645nam0 2200205 450 | |
| 001 | 1756032627 | |
| 005 | 20171222153508.12 | |
| 010 | @a7-5160-0026-4@dCNY42.00 | |
| 100 | @a20171222d2011 km y0chiy0120 ea | |
| 101 | 0 | @achi |
| 102 | @aCN@b420000 | |
| 200 | 1 | @a水泥工业余热发电及其工程@Ashui ni gong ye yu re fa dian ji qi gong cheng@f王建芳, 胡于圭 主编@Fwang jian fang,hu yu gui zhu bian |
| 210 | @a武汉@c中国建材工业出版社@d2011 | |
| 215 | @a289页@d20cm | |
| 606 | 0 | @a发电@x各种 |
| 690 | @aTM617@v4 | |
| 701 | 0 | @a王建芳@Awang jian fang@4主编 |
| 701 | 0 | @a胡于圭@Ahu yu gui@4主编 |
| 801 | 0 | @aCN@bMUSE@c20171222 |
| 905 | @aMUSE@dTM617@eW221 | |
| 水泥工业余热发电及其工程/王建芳, 胡于圭 主编.-武汉:中国建材工业出版社,2011 |
| 289页;20cm |
| ISBN 7-5160-0026-4:CNY42.00 |
| ● |
| 相关链接 |
|
|
|
正题名:水泥工业余热发电及其工程
索取号:TM617/W221
 
预约/预借
| 序号 | 登录号 | 条形码 | 馆藏地/架位号 | 状态 | 备注 |
| 1 | 1300380 | 213003809 | 能源与建筑环境工程学院资料室/ [索取号:TM617/W221] | 在馆 | |
| 2 | 1300381 | 213003818 | 能源与建筑环境工程学院资料室/ [索取号:TM617/W221] | 在馆 | |
| 3 | 1300382 | 213003827 | 能源与建筑环境工程学院资料室/ [索取号:TM617/W221] | 在馆 |